| 000 | 01055cam a2200397 4500 | ||
|---|---|---|---|
| 001 | J2478 | ||
| 008 | 090401t xxu||||| |||| 00| 0 eng d | ||
| 035 | _a(Sirsi) u49261 | ||
| 041 | _aeng | ||
| 050 | _a332.6324094 | ||
| 110 |
_aJones Lang Wootton _92909 |
||
| 245 | _aQuarterly investment report: the European property market. - Summer 1994 - Winter 1994/95 | ||
| 260 |
_aLondon _bJones Lang Wootton _c1994-95 |
||
| 300 | _a2 pt. ; 30cm. | ||
| 350 | _a0 | ||
| 520 | _aSummer 1994 covers the first two quarters of 1994. Winter 1994/95 covers the last two quarters of 1994. | ||
| 650 | _aAUSTRIA | ||
| 650 | _aBELGIUM | ||
| 650 | _aCZECH REPUBLIC | ||
| 650 | _aEUROPE | ||
| 650 | _aFRANCE | ||
| 650 | _aGERMANY | ||
| 650 | _aHOTELS | ||
| 650 | _aHUNGARY | ||
| 650 | _aIRELAND | ||
| 650 | _aITALY | ||
| 650 | _aLUXEMBOURG | ||
| 650 | _aNETHERLANDS | ||
| 650 | _aPOLAND | ||
| 650 | _aPROPERTY INVESTMENT | ||
| 650 | _aPROPERTY MARKET | ||
| 650 | _aSPAIN | ||
| 690 | _aOVERSEAS-EUROPE | ||
| 942 | _n0 | ||
| 948 | _c04/03/1997 | ||
| 999 |
_c92537 _d92537 |
||